The Unwelcome Literary Guest II Quiz Stats

 Plays Quiz Updated Nov 9, 2018

Score 0/15 Timer 06:00
0 Plays Today
Question Answer Wrong Answers
Charlie and the Chocolate Factory Norville Rogers
90.8%
Willy Wonka
1.9%
Augustus Gloop
2.2%
Grandpa Joe
5%
The Adventures of Huckleberry Finn Jo March
88.8%
Huckleberry Finn
0.4%
Tom Sawyer
4.8%
Jim
4.7%
Les Misérables Charles Swann
87.8%
Jean Valjean
1.5%
Javert
4.3%
Fantine
4.3%
Pride and Prejudice Heathcliff
85.9%
Elizabeth Bennet
2.4%
Mr. Darcy
3.6%
Jane Bennet
7%
The Great Gatsby Jake Barnes
85.2%
Nick Carraway
9.1%
Daisy Buchanan
3.7%
Jay Gatsby
1.3%
Treasure Island Michael Darling
74.4%
Jim Hawkins
5.1%
Long John Silver
4.7%
David Livesey
12.7%
Twenty Thousand Leagues Under the Sea Phileas Fogg
65.4%
Captain Nemo
4.7%
Pierre Aronnax
10.7%
Ned Land
16.3%
Of Mice and Men Tom Joad
61.6%
George Milton
15.1%
Lennie Small
3.4%
Curley
15.9%
Epic of Gilgamesh Aeneas
61.5%
Enkidu
12.7%
Urshanabi
10.2%
Shamhat
11.8%
Catch-22 Billy Pilgrim
60.7%
John Yossarian
11.8%
Chaplain Tappman
13.1%
Colonel Cathcart
10.4%
Animal Farm Winston
58.4%
Old Major
11.4%
Boxer
22%
Napoleon
6.5%
Moby-Dick Lieutenant Worf
54.5%
Captain Ahab
1.1%
Ishmael
2.3%
Father Mapple
39.8%
The Catcher in the Rye Franny Glass
51.1%
Holden Caulfield
2.4%
Phoebe Caulfield
6.7%
Sunny
36.2%
War and Peace Sonia Marmeladova
45.2%
Pierre Bezukhov
20.8%
Andrei Nikolayevich Bolkonsky
13.4%
Natasha Rostova
16.3%
Percy Jackson and the Olympians: The Lightning Thief Achilles
29.9%
Annabeth Chase
23.5%
Zeus
5.1%
Grover Underwood
37.2%

You're not logged in!

Compare scores with friends on all Sporcle quizzes.
OR
Log In

You Might Also Like...

Show Comments

Extras

Top Quizzes Today


Score Distribution

Your Account Isn't Verified!

In order to create a playlist on Sporcle, you need to verify the email address you used during registration. Go to your Sporcle Settings to finish the process.

Report this User

Report this user for behavior that violates our Community Guidelines.

Details: